USA 40K Cities on a Map: Maryland - Statistics

General Stats
  • This quiz has been taken 9 times
  • The average score is 10 of 25
Answers on the Map
Answers color-coded by a green-red scale on the quiz's map according to % correct below.
 
Answer Stats
Answer % Correct
Baltimore
100%
Annapolis
88%
Frederick
75%
Gaithersburg
75%
Germantown
75%
Hagerstown
75%
Rockville
75%
Bowie
63%
Columbia
63%
Silver Spring
63%
Bethesda
50%
Towson
50%
Waldorf
50%
Ellicott City
25%
Glen Burnie
25%
Aspen Hill
13%
Bel Air South
13%
Potomac
13%
Wheaton
13%
Catonsville
0%
Dundalk
0%
Essex
0%
North Bethesda
0%
Odenton
0%
Severn
0%
No matching quizzes found
Score Distribution
Percent of People with Each Score
Percentile by Number Answered
Your Score History
You have not taken this quiz